[Event "Borne Euro Chess op-A"]
[Site "Borne"]
[Date "2011.08.05"]
[Round "7"]
[White "Bassant, Jesse"]
[Black "Van der Werff, Frank"]
[Result "0-1"]
[WhiteElo "1916"]
[BlackElo "1875"]
[PlyCount "106"]
[EventDate "2011.08.01"]
[EventType "swiss"]
[EventRounds "9"]
[EventCountry "NED"]
[SourceTitle "CBM 143 Extra"]
[Source "ChessBase"]
[SourceDate "2011.08.29"]
[SourceVersion "1"]
[SourceVersionDate "2011.08.29"]
[SourceQuality "1"]

1. d4 f5 2. h3 Nf6 3. g4 fxg4 4. hxg4 Nxg4 5. Qd3 g6 6. Rxh7 Rxh7 7. Qxg6+ Rf7 8. Qxg4 d6 9. Qh5 Qd7 10. Bh3 e6 11. Nf3 Nc6 12. d5 Nd8 13. Ng5 Qe7 14. Nxf7 Qxf7 15. Qxf7+ Kxf7 16. Bg5 exd5 17. Bxc8 Rxc8 18. Nc3 Ne6 19. Bd2 c6 20. 0-0-0 Bg7 21. e4 dxe4 22. Nxe4 Be5 23. f4 d5 24. fxe5 dxe4 25. Be3 Kg6 26. Rd7 Rc7 27. Rxc7 Nxc7 28. Bxa7 Kf5 29. Kd2 Ne6 30. Ke3 Kxe5 31. c4 Nf8 32. b4 b5 33. Bb8+ Kf5 34. Bd6 Ne6 35. cxb5 cxb5 36. a3 Ng5 37. Bf4 Nf7 38. Bg3 Ne5 39. Kd4 Nf3+ 40. Ke3 Ne5 41. Kd4 Nf3+ 42. Kc3 e3 43. Kd3 Kg4 44. Bc7 Nd4 45. Be5 e2 46. Kd2 Nf3+ 47. Kxe2 Nxe5 48. a4 bxa4 49. Kd2 Kf5 50. Kc3 Ke6 51. b5 a3 52. b6 Kd7 53. Kb3 Nc4 0-1

[Event "Borne Euro Chess op-A"]
[Site "Borne"]
[Date "2011.08.04"]
[Round "6"]
[White "Van Osch, Mees"]
[Black "Bassant, Jesse"]
[Result "1-0"]
[WhiteElo "2006"]
[BlackElo "1916"]
[PlyCount "61"]
[EventDate "2011.08.01"]
[EventType "swiss"]
[EventRounds "9"]
[EventCountry "NED"]
[SourceTitle "CBM 143 Extra"]
[Source "ChessBase"]
[SourceDate "2011.08.29"]
[SourceVersion "1"]
[SourceVersionDate "2011.08.29"]
[SourceQuality "1"]

1. e4 e5 2. Nf3 Nc6 3. Bb5 Nf6 4. 0-0 Nxe4 5. d4 Nd6 6. Bxc6 dxc6 7. dxe5 Nf5 8. Qxd8+ Kxd8 9. Nc3 Ne7 10. h3 Ng6 11. Be3 h6 12. a3 Bd7 13. Rad1 Kc8 14. Rd2 Be7 15. Ne4 b6 16. Ng3 c5 17. Nh5 Rg8 18. Nf4 Nxf4 19. Bxf4 Be6 20. Nh2 Kb7 21. Rfd1 Kc6 22. Nf1 Rad8 23. Ne3 Rxd2 24. Rxd2 Rd8 25. Rxd8 Bxd8 26. Kf1 c4 27. Ke2 Kc5 28. Nd1 Kd4 29. Bh2 c6 30. Nc3 Be7 31. f4 1-0

[Event "Borne Euro Chess op-A"]
[Site "Borne"]
[Date "2011.08.03"]
[Round "4"]
[White "Warmelink, Evie"]
[Black "Bassant, Jesse"]
[Result "1-0"]
[WhiteElo "2058"]
[BlackElo "1916"]
[PlyCount "48"]
[EventDate "2011.08.01"]
[EventType "swiss"]
[EventRounds "9"]
[EventCountry "NED"]
[SourceTitle "CBM 143 Extra"]
[Source "ChessBase"]
[SourceDate "2011.08.29"]
[SourceVersion "1"]
[SourceVersionDate "2011.08.29"]
[SourceQuality "1"]

1. e4 e6 2. d4 d5 3. Nd2 c5 4. exd5 exd5 5. Ngf3 Nf6 6. c3 Bd6 7. dxc5 Bxc5 8. Nb3 Bd6 9. Be2 0-0 10. Bg5 Nbd7 11. 0-0 Qc7 12. Nbd4 Bf4 13. Bh4 a6 14. Nf5 Ne5 15. N3d4 Bxh2+ 16. Kh1 Bxf5 17. Nxf5 Bf4 18. g3 Qd7 19. Bxf6 Qxf5 20. gxf4 Qh3+ 21. Kg1 gxf6 22. fxe5 Kh8 23. Bg4 Rg8 24. f3 f5 1-0